00658nam a2200229Ia 450000100060000000300090000600800410001504000130005604000130006904100120008210000200009410000290011424500330014324500240017626000140020026000310021426000490024530000570029450000230035165000230037465000310039733845IT-RoPAU130308s9999 xx 000 0 und d aIT-RoPAU cIT-RoPAU aINGLESE aWorth Katharine gCodice Aut. SPICS: 14945 aBeckett and the Radio Medium bBritish Radio Drama aCAMBRIDGE bCambridge University Press c1981 [1° Ed.:1981 - Ed.Ling.Originale:1981] a"17 p. (prefazione: no ; testo: [pagine: 191-217])" aBeckett e la Radio aGENERI RADIOFONICI eCodice materia Spics: 6910